000 00465pab a2200169 454500
008 180718b1998 xxu||||| |||| 00| 0 eng d
100 _aButcher, Kristin F.
245 _aCross city evidence on the relationship between immigration and crime
260 _c1998
300 _ap.457-93
362 _aSummer
650 _aImmigration
650 _aCrime
700 _aPiehl, Anne Morrison
773 _aJournal of Policy Analysis and Management
909 _a38010
999 _c38010
_d38010